Nom des subdivisions de premier niveau par pays - Statistiques

Statistiques générales
  • Ce quiz a été pris 127 fois
  • Le résultat moyen est 7 sur 13
Statistiques - réponses
Pays Réponse % Correct
Luxembourg, Suisse Cantons
94%
Palaos, Brésil, Mexique, ... États
82%
Allemagne Länder
78%
Russie Oblast, Kraïs, République, Villes d'importance fédérale, Okrougs
76%
Pays-Bas, Canada, ... Provinces
76%
Côte d'ivoire, Bolivie, Haïti, ... Départements
68%
Canada, Australie, ... Territoires
42%
Japon, République centrafricaine Préfectures
35%
Roumanie, Hongrie, ... Comtés
29%
Belize Districts
28%
Belgique Communautés
24%
Andorre, Dominique, Grenade, ... Paroisses
24%
Égypte, Irak, Oman, ... Muhafazat
7%
Aucun quiz correspondant
Distribution des résultats
% des personnes avec chaque résultat
Percentile par nombre de réponses
Votre historique - résultats
Vous n’avez pas pris ce quiz